000 00439pab a2200169 454500
008 180718b2014 xxu||||| |||| 00| 0 eng d
100 _aSharma, Baldev
245 _aWhat drives employee engagement: Personal attributes or organisational climate?
260 _c2014
300 _ap.15-27.
362 _aJan-Mar
650 _aOrganizations
700 _aNingthoujam, Sombala
773 _aAbhigyan
908 _aN
909 _a103762
999 _c103758
_d103758